=LDR 00000nam 2200000 4500 =001 INLIS000000000006366 =005 20251107092617 =035 ##$$a 0010-1125000240 =007 ta =008 251107###########################0#ind## =082 ##$$a 658.465 =084 ##$$a 658.465 BAD r =100 #$$a Badan Koordinasi Keluarga Berencana Nasional =245 1#$$a Risalah Pertemuan Dengan Pemimpin Proyek/Bendaharawan Proyek /$c Badan Koordinasi Keluarga Berencana Nasional =260 ##$:$b Badan Koordinasi Keluarga Berencana Nasional =300 ##$$a 17 Hal : $b Ilus ; $c 21 =650 #4$$a Keluarga Berencana =856 ##$$a Perpustakaan Kemendukbangga